Đảng Cộng sản Việt Nam 90 năm (1930 - 2020) - Những chặng đường lịch sử vẻ vang
Trình bày lịch sử quá trình lãnh đạo cách mạng của Đảng trong 9 thập niên qua: Đảng ra đời và lãnh đạo đấu tranh giành chính quyền (1930-1945); xây dựng chế độ mới và kháng chiến chống thực dân Pháp (1945-1954); xây dựng CNXH ở miền Bắc, đấu...
محفوظ في:
| المؤلف الرئيسي: | |
|---|---|
| مؤلفون آخرون: | |
| التنسيق: | كتاب |
| اللغة: | Undetermined |
| منشور في: |
H.
Công an nhân dân
2020
|
| الموضوعات: | |
| الوصول للمادة أونلاين: | http://lrc.tdmu.edu.vn/opac/search/detail.asp?aID=2&ID=41363 |
| الوسوم: |
إضافة وسم
لا توجد وسوم, كن أول من يضع وسما على هذه التسجيلة!
|
| Thư viện lưu trữ: | Trung tâm Học liệu Trường Đại học Thủ Dầu Một |
|---|
| LEADER | 01474nam a2200217Ia 4500 | ||
|---|---|---|---|
| 001 | TDMU_41363 | ||
| 008 | 210410s9999 xx 000 0 und d | ||
| 082 | |a 332.642 | ||
| 090 | |b V500 | ||
| 100 | |a Vũ, Như Khôi | ||
| 245 | 0 | |a Đảng Cộng sản Việt Nam 90 năm (1930 - 2020) - Những chặng đường lịch sử vẻ vang | |
| 245 | 0 | |c Vũ Như Khôi (chủ biên), Nguyễn Văn Trường, Đặng Kim Oanh | |
| 260 | |a H. | ||
| 260 | |b Công an nhân dân | ||
| 260 | |c 2020 | ||
| 300 | |a 522tr. | ||
| 520 | |a Trình bày lịch sử quá trình lãnh đạo cách mạng của Đảng trong 9 thập niên qua: Đảng ra đời và lãnh đạo đấu tranh giành chính quyền (1930-1945); xây dựng chế độ mới và kháng chiến chống thực dân Pháp (1945-1954); xây dựng CNXH ở miền Bắc, đấu tranh giải phóng miền Nam (1954-1975); bảo vệ Tổ quốc XHCN trên phạm vi cả nước (1975-1986); đổi mới (1986-1996); đẩy mạnh công nghiệp hoá, hiện đại hoá, hội nhập quốc tế (1996-2020); Thư mục: tr. 516-519 | ||
| 650 | |a Đảng Cộng sản Việt Nam |x Lịch sử | ||
| 700 | |a Nguyễn, Văn Trường | ||
| 856 | |u http://lrc.tdmu.edu.vn/opac/search/detail.asp?aID=2&ID=41363 | ||
| 980 | |a Trung tâm Học liệu Trường Đại học Thủ Dầu Một | ||